有名なライトノベル - Statistics

General Stats
  • This quiz has been taken 87 times
  • The average score is 6 of 15
Answer Stats
作者 Answer % Correct
川原礫 ソードアート・オンライン
61%
暁なつめ この素晴らしい世界に祝福を!
59%
理不尽な孫の手 無職転生 〜異世界行ったら本気出す〜
52%
長月達平 Re:ゼロから始める異世界生活
52%
谷川流 涼宮ハルヒの憂鬱
51%
伏瀬 転生したらスライムだった件
49%
鎌池和馬 とある魔術の禁書目録
46%
日向夏 薬屋のひとりごと
45%
渡航 やはり俺の青春ラブコメは間違っている。
45%
時雨沢恵一 キノの旅
42%
鴨志田一 青春ブタ野郎シリーズ
34%
衣笠彰梧 ようこそ実力至上主義の教室へ
31%
佐島勤 魔法科高校の劣等生
25%
支倉凍砂 狼と香辛料
23%
二語十 探偵はもう、死んでいる
8%
No matching quizzes found
Score Distribution
Percent of People with Each Score
Percentile by Number Answered
Your Score History
You have not taken this quiz